00266nam a22001097a 4500003000400000020001800004082001600022100002600038245005000064260003400114300000800148SGT a9780198077343 a301.2bI09S aSINGH, BALMIKI PRASAD aINDIA"S CULTURE: THE STATE, THE ARTS & BEYOND bOXFORD UNIVERSITY PRESSc2009 a263